Normal view
MARC view
Entry Personal Name
001 - CONTROL NUMBER
- control field: 230923
003 - CONTROL NUMBER IDENTIFIER
- control field: OSt
005 - DATE AND TIME OF LATEST TRANSACTION
- control field: 20220925164643.0
008 - FIXED-LENGTH DATA ELEMENTS
- fixed length control field: 220925|| aca||aabn | a|a d
040 ## - CATALOGING SOURCE
- Original cataloging agency: OSt
- Transcribing agency: OSt
100 ## - HEADING--PERSONAL NAME
- Personal name: You Jong-IL Ed
670 ## - SOURCE DATA FOUND
- Source citation: Work cat.: (OSt)475622: Schor Juliet Ed. 230921, Capital the state and labour, 1995
